| 000 | 00661nam a2200229Ia 4500 | ||
|---|---|---|---|
| 003 | OSt | ||
| 005 | 20140318091427.0 | ||
| 008 | 140130s9999 xx 000 0 und d | ||
| 020 | _a9780590451543 | ||
| 050 |
_aE 457.905 _b.M22 2006 |
||
| 100 | _a McGovern, Ann. | ||
| 245 |
_cAnn McGovern. _aYou grew up with Abraham Lincoln / |
||
| 260 |
_bScholastic Inc., _aUSA : _cc2006. |
||
| 300 |
_a80 p. : _bcol. ill. ; _c23 cm. |
||
| 521 | _aG4 | ||
| 526 | _c670 | ||
| 650 |
_aLincoln, Abraham, 1809-1865 _xJuvenile literature. |
||
| 650 |
_aMiddle West _xSocial life and custom _xJuvenile literature. |
||
| 942 |
_cBK _2lcc |
||
| 999 |
_c40940 _d40940 |
||